<?xml version="1.0" encoding="UTF-8"?><?xml-stylesheet type="text/xsl" href="static/style.xsl"?><OAI-PMH xmlns="http://www.openarchives.org/OAI/2.0/" xmlns:xsi="http://www.w3.org/2001/XMLSchema-instance" xsi:schemaLocation="http://www.openarchives.org/OAI/2.0/ http://www.openarchives.org/OAI/2.0/OAI-PMH.xsd"><responseDate>2026-04-27T21:43:02Z</responseDate><request verb="GetRecord" identifier="oai:uvadoc.uva.es:10324/51289" metadataPrefix="marc">https://uvadoc.uva.es/oai/request</request><GetRecord><record><header><identifier>oai:uvadoc.uva.es:10324/51289</identifier><datestamp>2022-05-25T12:21:44Z</datestamp><setSpec>com_10324_38</setSpec><setSpec>col_10324_852</setSpec></header><metadata><record xmlns="http://www.loc.gov/MARC21/slim" xmlns:doc="http://www.lyncode.com/xoai" xmlns:xsi="http://www.w3.org/2001/XMLSchema-instance" xmlns:dcterms="http://purl.org/dc/terms/" xsi:schemaLocation="http://www.loc.gov/MARC21/slim http://www.loc.gov/standards/marcxml/schema/MARC21slim.xsd">
<leader>00925njm 22002777a 4500</leader>
<datafield tag="042" ind1=" " ind2=" ">
<subfield code="a">dc</subfield>
</datafield>
<datafield tag="720" ind1=" " ind2=" ">
<subfield code="a">Barrena Galán, Leire</subfield>
<subfield code="e">author</subfield>
</datafield>
<datafield tag="260" ind1=" " ind2=" ">
<subfield code="c">2021</subfield>
</datafield>
<datafield tag="520" ind1=" " ind2=" ">
<subfield code="a">En este trabajo se desmenuza el concepto de “Revolución Industrial” y se&#xd;
examinan algunos de los factores que la hicieron posible. Se investiga si las &#xd;
modernas instituciones que la sociedad británica incorporó en esa época &#xd;
ejercieron algún efecto sobre el resultado global de la misma. &#xd;
Esta hipótesis se apoya principalmente en la teoría de política económica y en el &#xd;
pensamiento económico basado en el institucionalismo, y defiende su &#xd;
importancia para la emersión de la Revolución Industrial. &#xd;
A pesar de esta positiva conclusión basada en los distintos argumentos de &#xd;
expertos en la materia, también se valoran y comparan críticas hacia la &#xd;
relevancia de las instituciones en el proceso de transformación social, &#xd;
tecnológica y económica</subfield>
</datafield>
<datafield tag="520" ind1=" " ind2=" ">
<subfield code="a">The Industrial Revolution is decomposed in this essay, examining the different conditions that could make it possible, and specifically investigating whether the modern institutions that British society incorporated at that time had any effect on its overall result.&#xd;
This hypothesis is based mainly on the theory of economic policy and on economic thought based on institutionalism: it defends its relative importance for the emergence of the Revolution.&#xd;
Despite this positive conclusion based on the different experts’ arguments in the fields, criticisms of the relevance of institutions in the process of social, technological and economic transformation are also valued and compared.</subfield>
</datafield>
<datafield tag="024" ind2=" " ind1="8">
<subfield code="a">https://uvadoc.uva.es/handle/10324/51289</subfield>
</datafield>
<datafield ind1=" " ind2=" " tag="653">
<subfield code="a">Política económica - Gran Bretaña - Siglo XVIII-XIX</subfield>
</datafield>
<datafield ind1=" " ind2=" " tag="653">
<subfield code="a">Industria - Historia - Gran Bretaña - Siglo XVIII-XIX</subfield>
</datafield>
<datafield tag="245" ind1="0" ind2="0">
<subfield code="a">Relevancia de las instituciones  en la Revolución Industrial</subfield>
</datafield>
</record></metadata></record></GetRecord></OAI-PMH>